[Event "10th Mumbai Mayors Cup 2017"]
[Site "Mumbai"]
[Date "2017.06.05"]
[Round "2"]
[White "Raghunandan, Kaumandur Srihari"]
[Black "Alahakoon, Isuru"]
[Result "1-0"]
[WhiteElo "2410"]
[BlackElo "2047"]
[Annotator "TA"]
[PlyCount "59"]
[EventDate "2017.06.04"]
[EventType "swiss"]
[EventCountry "IND"]
[SourceTitle "playchess.com"]
[Source "ChessBase"]
[SourceQuality "1"]

{[%evp 9,59,23,27,14,16,13,13,24,11,18,35,-8,16,10,4,-90,35,-36,-28,-41,32,40,42,38,38,0,431,447,427,445,399,358,489,443,447,405,418,438,429,417,489,470,482,450,450,443,479,463,648,655,947,936]} 1. d4 d5 2. c4 e6 3. Nf3 Nf6 4. Nc3 Be7 5. Bf4 O-O 6. Rc1 {D37: Queen's Gambit Declined: 5 Bf4} (6. e3 Nbd7 7. c5 c6 8. h3 b6 9. b4 a5 10. a3 h6 11. Bd3 Ba6 12. O-O Qc8 13. Rb1 axb4 14. axb4 Qb7 15. Re1 Rfc8 16. Bc2 {½-½ (47) Giri,A (2785)-So,W (2815) chess.com INT 2017}) 6... b6 7. cxd5 Nxd5 8. Nxd5 {The position is equal.} Qxd5 9. a3 Bd6 10. Qd2 $146 ({Predecessor:} 10. Bxd6 cxd6 11. e3 Nc6 12. Bc4 Qa5+ 13. Qd2 Bd7 {½-½ (63) Georgescu,T (2375)-Gavrilov,A (2454) Albena 2013}) 10... Nc6 11. Bg3 Ba6 12. Qc2 (12. e3 $11 {remains equal.} Bxf1 13. Kxf1) 12... Bb7 (12... Nxd4 $17 13. Nxd4 Qxd4) 13. e4 (13. e3 $14) 13... Qa5+ $1 $15 14. Qd2 Qxd2+ ({Black should play} 14... Rfd8 $1 $15) 15. Kxd2 $14 Rad8 16. Ke3 {And now Bb5 would win.} e5 17. d5 Bc5+ $2 {[%mdl 8192] [#]} (17... Ne7 $1 $11 {and Black is okay.} 18. Bxe5 Nxd5+ 19. exd5 Rfe8) 18. Rxc5 $1 $18 {[%mdl 512]} bxc5 19. dxc6 Bxc6 20. Bc4 Bd7 21. Rc1 Rb8 22. Bxe5 Rb7 23. Bd5 c6 24. Ba2 Rb5 25. Bc4 {White is clearly winning.} Rb7 26. Bc3 Re8 27. Rd1 Bf5 28. Ne5 Bg6 29. Rd6 Rc7 30. Nxg6 {Precision: White = 63%, Black = 30%.} 1-0

[Event "10th Mumbai Mayors Cup 2017"]
[Site "Mumbai"]
[Date "2017.06.05"]
[Round "2"]
[White "Das, Sayantan"]
[Black "Shubham, Lakudkar"]
[Result "1-0"]
[WhiteElo "2401"]
[BlackElo "2001"]
[Annotator "TA"]
[PlyCount "59"]
[EventDate "2017.06.04"]
[EventType "swiss"]
[EventCountry "IND"]
[SourceTitle "playchess.com"]
[Source "ChessBase"]
[SourceQuality "1"]

{[%evp 18,59,17,10,54,62,77,84,84,31,55,16,15,0,41,19,39,12,22,23,18,11,17,4,19,8,25,28,25,29,34,0,0,0,0,-31,159,134,446,455,447,442,881,874]} 1. Nf3 Nf6 2. c4 g6 3. g3 Bg7 4. Bg2 O-O 5. Nc3 d5 6. cxd5 Nxd5 7. O-O c5 8. d4 Nc6 9. Nxd5 Qxd5 10. Be3 $1 Qd8 {[%cal Rc5d4] D75: Fianchetto Grünfeld: Main Line with 7...c5} (10... Bf5 11. dxc5 Qc4 12. Nd2 Qa6 13. Qb3 Be6 14. Qd3 Qxd3 15. exd3 Rfd8 16. Be4 Rd7 17. Nf3 Rc8 18. Bxc6 bxc6 {½-½ (28) Grachev,B (2670)-Vovk,Y (2588) Jerusalem 2015}) 11. d5 Nb4 12. Bxc5 Nxd5 {White is better.} 13. e4 (13. Rc1 $16) 13... Nb6 $14 {[#]} 14. Qxd8 $146 ({Predecessor:} 14. Qe2 Be6 15. Rfd1 Qc7 16. Rac1 Rac8 17. Be3 Bc4 18. Qc2 {1-0 (43) Laylo,D (2527)-Pascua,H (2358) Tagaytay City 2010}) 14... Rxd8 15. e5 Kf8 16. Rfe1 (16. Ng5 {looks sharper.} Bf5 17. f4 h6 18. Nf3 Na4 19. Bd4) 16... h6 17. Rac1 (17. Rad1 $5 {[%cal Rd1d8]} Be6 18. Nd4 $11) 17... Be6 18. Nd4 Bd5 19. Nb5 {[#] Bxb6 is the strong threat.} Bxg2 20. Kxg2 Nd7 21. Ba3 {Strongly threatening e6.} Nxe5 22. Rc7 $36 {[%mdl 2048] White has the initiative.} Kg8 23. Rxe7 Nd3 24. R1e2 a6 25. Nd6 b5 $1 {[%cal Rb5b4]} 26. Nb7 ({Reject} 26. Rxf7 b4 $17) 26... b4 $2 {[#]} (26... Rd5 $15 {keeps the upper hand.} 27. b4 Bf8) 27. Nxd8 $16 bxa3 $2 {[%mdl 8192]} (27... Rxd8 $16 {is a better chance.} 28. Re8+ Rxe8 29. Rxe8+ Kh7) 28. Re8+ $18 {White is clearly winning.} Bf8 29. bxa3 Rc8 (29... Ra7 $142 30. Nc6 Rc7) 30. R2e7 {Precision: White = 31%, Black = 40%.} 1-0

[Event "10th Mumbai Mayors Cup 2017"]
[Site "Mumbai"]
[Date "2017.06.05"]
[Round "2"]
[White "Saravana, Krishnan P"]
[Black "Ananya Rishi Gupta"]
[Result "1-0"]
[WhiteElo "2353"]
[BlackElo "1986"]
[Annotator "TA"]
[PlyCount "67"]
[EventDate "2017.06.04"]
[EventType "swiss"]
[EventCountry "IND"]
[SourceTitle "playchess.com"]
[Source "ChessBase"]
[SourceQuality "1"]

{[%evp 18,67,58,63,65,64,118,111,131,131,196,132,144,125,145,141,143,150,314,309,318,311,308,315,316,306,309,312,587,574,574,577,618,518,501,463,564,561,559,559,503,479,651,633,647,622,1431,1443,5485,5601,5197,3889]} 1. d4 d5 2. c4 c6 3. Nc3 Nf6 4. Nf3 Bf5 5. cxd5 cxd5 6. Qb3 Qb6 7. Nxd5 Nxd5 8. Qxd5 e6 9. Qb3 Qxb3 10. axb3 Bc2 {D13: Slav Defence: Exchange variation without ...Bf5} 11. Bd2 Bxb3 (11... Nc6 $14) 12. e4 $16 Bd6 {White is better.} 13. Bb5+ $1 Nd7 $146 (13... Nc6 $16 {was worth a try.}) ({Predecessor:} 13... Nc6 14. Bc3 a6 15. Nd2 Bc2 16. g3 f5 17. e5 Be7 18. Ke2 {1-0 (32) Fagerstrom,B (2260)-Lezama,D (2191) ICCF email 2008}) 14. Bc3 (14. O-O $18 {Threatens to win with Rfc1.} Ke7 15. Rfc1) 14... Bc2 15. Nd2 $1 {Ke2 is the strong threat.} Bf4 16. f3 {And now g3 would win.} a6 {[#]} 17. g3 $1 $36 {[%cal Rg3f4][%mdl 2048] White is in control.} Bg5 $2 (17... Bh6 $16 {keeps fighting.}) 18. h4 $18 Be7 19. Ke2 Rc8 {[#]} 20. Bxd7+ $1 Kxd7 21. Rhc1 b5 22. Rxc2 Rc6 $2 (22... b4 23. Rxa6 bxc3 24. bxc3 Rc6) 23. d5 {White is clearly winning.} exd5 24. exd5 Rc7 25. Rac1 Rhc8 {Now ...b4 and Black clings on.} 26. Kd3 f6 27. Ba5 Rxc2 28. Rxc2 Rxc2 29. Kxc2 Bd6 30. Ne4 Be5 31. Bc3 Bxc3 32. Kxc3 f5 33. Nc5+ Kd6 34. Kd4 {Precision: White = 91%, Black = 37%.} 1-0

[Event "10th Mumbai Mayors Cup 2017"]
[Site "Mumbai"]
[Date "2017.06.05"]
[Round "2"]
[White "Sai Krishna G V"]
[Black "Shelke Sankarsha"]
[Result "1-0"]
[WhiteElo "2339"]
[BlackElo "2165"]
[Annotator "TA"]
[PlyCount "85"]
[EventDate "2017.06.04"]
[EventType "swiss"]
[EventCountry "IND"]
[SourceTitle "playchess.com"]
[Source "ChessBase"]
[SourceQuality "1"]

{[%evp 37,85,36,31,28,45,0,20,0,24,31,23,16,154,143,165,128,493,493,547,-743,536,558,537,541,501,550,697,690,576,483,666,668,519,501,516,512,523,440,1430,1345,1508,1565,1508,1466,1777,1741,1659,1629,29988,29989]} 1. e4 e5 2. Nf3 Nc6 3. Bb5 {[%cal Bf1b5,Bb5a4,Ba4b3][%mdl 32]} a6 4. Ba4 Nf6 5. O-O b5 6. Bb3 Be7 7. Re1 d6 8. c3 O-O 9. h3 Nb8 10. d4 Nbd7 11. Nbd2 Bb7 12. Bc2 Re8 13. Nf1 Bf8 14. Ng3 g6 15. a4 c5 16. d5 c4 17. Bg5 h6 18. Be3 Nc5 19. Qd2 Kh7 20. Nh2 {C95: Closed Ruy Lopez: Breyer Variation with 10 d4} (20. Bxc5 $5 dxc5 21. Reb1 $14) (20. Bxc5 dxc5 21. Nf1 Re7 22. Qe3 Rc8 23. g4 Ne8 24. N3h2 Qc7 25. Qg3 Bg7 26. Ne3 Nd6 27. h4 Rf8 {½-½ (58) Sevian,S (2531)-Kamsky,G (2683) Saint Louis 2015}) 20... Bg7 {[#]} 21. a5 $146 (21. Bxc5 $5 dxc5 22. Nf3 $14) ({Predecessor:} 21. Rf1 Qc7 22. f4 bxa4 23. Qf2 Nd3 24. Bxd3 cxd3 25. fxe5 Rxe5 26. Ng4 Nxg4 27. hxg4 Re7 {½-½ (54) Latronico,N (2543)-Vaclav,J (2472) ICCF email 2006}) 21... Nfd7 22. Rf1 {The position is equal.} Qe7 23. f4 exf4 24. Rxf4 Be5 {[#]} (24... Ne5 $11 {remains equal.}) 25. Ng4 $1 $16 Bxf4 26. Bxf4 h5 $2 {[%mdl 8192] [#]} (26... Nb3 $16 {is tougher.} 27. Bxb3 h5) 27. Bxd6 $1 $18 {[%mdl 512] Threatens to win with Nxh5.} Qxd6 28. Qh6+ Kg8 {[#]} 29. Nxh5 $1 {[%mdl 512]} gxh5 30. Qxd6 {And now Nh6+ would win.} hxg4 31. Rf1 Re5 32. Rf4 Rg5 {...gxh3 would now be nice for Black.} 33. h4 Rg6 34. Qe7 Rg7 35. h5 {[%cal Bh4h5,Bh5h6][%mdl 32] aiming for h6.} f6 36. Qd6 {h6 is the strong threat.} Re8 37. h6 Rg5 (37... Rf7 $142 38. Rxg4+ Kh8) 38. Rxf6 {Intending Rg6+ and mate.} Nxf6 39. Qxf6 Ree5 40. Qd8+ Kh7 41. Qc7+ Kxh6 42. Qxc5 Rg7 43. Qd6+ {Precision: White = 80%, Black = 10%.} 1-0

[Event "10th Mumbai Mayors Cup 2017"]
[Site "Mumbai"]
[Date "2017.06.05"]
[Round "2"]
[White "Rathanvel, V S"]
[Black "Karthik Kumar Pradeep"]
[Result "1/2-1/2"]
[WhiteElo "2332"]
[BlackElo "1978"]
[Annotator "TA"]
[PlyCount "121"]
[EventDate "2017.06.04"]
[EventType "swiss"]
[EventCountry "IND"]
[SourceTitle "playchess.com"]
[Source "ChessBase"]
[SourceQuality "1"]

{[%evp 20,121,26,26,20,23,24,23,21,15,28,18,14,-32,0,-29,0,0,0,-34,-22,-55,-47,-50,-32,-53,-52,-50,0,0,3,0,51,0,0,0,0,0,0,0,37,19,14,0,6,0,10,14,19,0,16,0,15,0,18,0,0,-15,-15,-15,-15,-152,-135,-140,-142,-148,-114,-112,-113,-130,-147,-167,-76,-76,-77,-120,-91,-120,-128,-128,-84,-110,-59,-59,-59,-66,-59,-59,-59,-59,-59,-59,-59,-58,-51,-51,-11,-11,-11,-11,-11,-11,-11,-11]} 1. e4 c5 2. Nf3 e6 3. d4 cxd4 4. Nxd4 Nc6 5. Nc3 Qc7 6. Be2 Nf6 7. O-O Be7 8. Be3 O-O 9. f4 d6 10. Kh1 Nxd4 11. Bxd4 e5 {B83: Sicilian Scheveningen: 6 Be2, lines without ...a6} 12. Be3 b6 13. Bd3 (13. Bf3 Bb7 14. Qd3 Rac8 15. Rad1 Rfd8 16. f5 Bc6 17. g4 h6 18. g5 hxg5 19. Bxg5 {0-1 (54) Lagarde,M (2550)-Matlakov,M (2689) Berlin 2015}) 13... Bb7 {White has an edge.} 14. Qf3 Rad8 15. fxe5 dxe5 {[#]} 16. Ne2 $146 ({Predecessor:} 16. a4 Bc6 17. Ne2 Bd7 18. Ng3 Bc5 19. h3 Bxe3 20. Qxe3 {1-0 (42) Forcen Esteban,D (2543)-Arizmendi Martinez,J (2529) Linares 2015}) 16... Bc8 {[%cal Bb7c8,Bc8g4,Bg4e6][%mdl 32]} 17. Ng3 Bg4 18. Qf2 Bc5 19. h3 {[#] Strongly threatening Bxc5.} Be6 20. Qe2 Bxe3 21. Qxe3 Qc5 22. Qg5 {aiming for Rxf6.} h6 23. Qh4 {[#] Hoping for Rxf6.} Qe3 (23... Nd7 $15) 24. Nf5 $11 Bxf5 25. Rxf5 Rfe8 ({Better is} 25... Nd7 $11) 26. Raf1 ({White should play} 26. Re1 $1 $14 Qd4 27. Rxf6 gxf6 28. Qxh6) 26... Rd6 27. Kh2 Qc5 28. a4 Qc7 29. b3 Qe7 30. Bc4 Rc8 31. Qg3 Rc5 32. Bd3 (32. R1f2 {is interesting.} Rdc6 33. Qe3 Qc7 34. Bd3 Rc3 35. g4) 32... a5 33. Qf3 Rc7 34. Qg3 Rc5 35. Qf3 Rc7 36. Qg3 Rc5 37. Bc4 (37. R1f2 {looks sharper.} Rdc6 38. Qf3 Rc7 39. Qe3 R5c6 40. Rf1) 37... Nxe4 38. Rxf7 {[%csl Gf7][%cal Rg3g7]} Nxg3 39. Rxe7+ Rxc4 $1 40. Kxg3 {[%mdl 4096] Endgame KRR-KRR} (40. Rf3 $11 Nf1+ 41. Rxf1 Rxc2 42. Rxe5) 40... Rg6+ $17 41. Kh2 Rxc2 42. Rg1 Rb2 43. Rxe5 Rxb3 44. Re4 Rb2 45. h4 b5 (45... Kh7 $19 {and Black stays clearly on top.} 46. Kh3 Rb3+ 47. g3 h5) 46. axb5 Rxb5 47. Re2 a4 {...Ra6 is the strong threat.} 48. Ra1 Rg4 49. g3 Rb3 {White must now prevent ...a3.} 50. Rea2 Rgxg3 (50... Rbb4 $17 51. Rd1 Rgd4) 51. Rxa4 $15 Rh3+ 52. Kg2 Rbg3+ 53. Kf2 Rg6 54. Rf4 Kh7 55. Raa4 Rh2+ 56. Kf3 Rg1 57. Rg4 Rh3+ 58. Kf2 {The position is equal.} Rb1 59. Ra7 Rh2+ 60. Kg3 Rg1+ 61. Kxh2 {Precision: White = 45%, Black = 60%.} 1/2-1/2

[Event "10th Mumbai Mayors Cup 2017"]
[Site "Mumbai"]
[Date "2017.06.05"]
[Round "2"]
[White "Gajwa Ankit"]
[Black "Meruga, Shanmukha"]
[Result "1/2-1/2"]
[WhiteElo "2309"]
[BlackElo "2016"]
[Annotator "TA"]
[PlyCount "84"]
[EventDate "2017.06.04"]
[EventType "swiss"]
[EventCountry "IND"]
[SourceTitle "playchess.com"]
[Source "ChessBase"]
[SourceQuality "1"]

{[%evp 19,84,14,30,18,12,0,43,26,25,39,22,23,11,0,0,0,0,0,24,-20,77,77,79,71,77,75,74,70,74,76,87,76,97,97,95,98,93,94,95,107,188,156,143,139,461,446,420,266,228,235,246,252,245,229,213,216,120,16,41,0,0,0,41,0,0,0,28]} 1. e4 e5 2. Nf3 Nc6 3. Bb5 a6 4. Ba4 Nf6 5. O-O b5 6. Bb3 Be7 7. Re1 O-O 8. a4 b4 9. d4 d6 10. dxe5 dxe5 11. Qxd8 {C88: Closed Ruy Lopez: Anti-Marshall Systems} (11. Nbd2 Bc5 12. Qe2 Qe7 13. h3 h6 14. a5 Rd8 15. Bc4 Nd4 16. Nxd4 Bxd4 17. Nb3 Be6 18. Nxd4 Bxc4 {0-1 (70) Wei,Y (2706)-Wojtaszek,R (2750) Wijk aan Zee 2017}) 11... Rxd8 12. Nbd2 Bb7 13. Bc4 $146 {White is slightly better.} ({Predecessor:} 13. Nc4 Nd7 14. Be3 h6 15. Rad1 Bf6 16. a5 Nf8 17. Ba4 Ne6 18. c3 bxc3 19. bxc3 {½-½ (71) Petrosyan,T (2197)-Orujov,S (2098) Batumi 2010}) 13... Nd4 14. Nxd4 Rxd4 15. Bd3 Rdd8 16. h3 Nd7 17. Nc4 Nc5 18. Nxe5 Bf6 19. Ng4 Nxd3 (19... Bd4 $11 {remains equal.}) 20. Nxf6+ $16 gxf6 21. cxd3 Rxd3 22. Bh6 c5 23. Rac1 Rc8 24. Rc4 Rd4 25. Rec1 Rxe4 26. Rxc5 Rxc5 27. Rxc5 {[%mdl 4096] Endgame KRB-KRB} Rh4 28. Be3 Kg7 29. f4 {Threatens to win with Kh2.} Kg6 (29... Rh6 $16) 30. Rc7 Bd5 31. Kh2 {Strongly threatening g3.} Kf5 $2 {[%mdl 8192]} (31... Be6 $16) 32. g4+ $18 Ke4 33. Kg3 Rh6 34. Re7+ Be6 {[#]} 35. f5 $1 Kxe3 36. fxe6 fxe6 37. Rxe6+ {KR-KR} Kd3 {[#]} (37... Kd2 $18) 38. Rc6 (38. Rxa6 $6 Kc2 $11) (38. h4 $1 $16) 38... Rg6 39. Kf4 ({But not} 39. Rxa6 Kc2 $17) 39... Rh6 40. Kg3 Rg6 41. Kf4 ({Reject} 41. Rxa6 Kc2 $17) 41... Rh6 42. Kg3 Rg6 {Precision: White = 50%, Black = 56%.} 1/2-1/2

[Event "10th Mumbai Mayors Cup 2017"]
[Site "Mumbai"]
[Date "2017.06.05"]
[Round "2"]
[White "Pradeep Kumar R A"]
[Black "Dahale, Atul"]
[Result "1-0"]
[WhiteElo "2302"]
[BlackElo "2080"]
[Annotator "TA"]
[PlyCount "87"]
[EventDate "2017.06.04"]
[EventType "swiss"]
[EventCountry "IND"]
[SourceTitle "playchess.com"]
[Source "ChessBase"]
[SourceQuality "1"]

{[%evp 27,87,0,27,16,40,25,27,13,16,8,3,20,32,11,50,31,45,45,51,51,58,14,69,41,48,23,23,23,23,23,23,23,23,23,25,10,11,15,11,12,87,102,95,93,165,150,237,7,0,0,32,32,839,0,0,0,32,32,33,39,1102,1076]} 1. Nf3 Nf6 2. c4 c5 3. g3 b6 4. Bg2 Bb7 5. O-O e6 6. Nc3 Be7 7. Re1 Ne4 8. Nxe4 Bxe4 9. d3 Bb7 10. e4 d6 11. d4 cxd4 12. Nxd4 O-O 13. b3 {A17: English Opening: 1...Nf6 with ...Bb4} a6 14. Ba3 (14. Bb2 Nd7 15. e5 Bxg2 16. exd6 Bxd6 17. Kxg2 Qc7 18. Qf3 Be5 19. Rad1 Rac8 20. Ba3 Rfe8 {0-1 (35) Paravyan,D (2544)-Rozum,I (2582) Khanty-Mansiysk 2016}) 14... Qc7 {LiveBook: 6 Games} (14... b5 $5) 15. Qg4 {White has an edge.} Nc6 $146 ({Predecessor:} 15... Nd7 16. Rad1 Kh8 17. Bb2 Nf6 18. Qe2 Rfd8 19. g4 Nd7 20. g5 Qc5 {1-0 (41) Skrondal,I (2204)-Urkedal,F (2299) Oslo 2009}) 16. Rad1 Rfd8 17. Bb2 (17. Qe2 {is interesting.} Rac8 18. Rd2 Ne5 19. Nc2 Nd7 20. Bb2) 17... Nxd4 18. Bxd4 {[%csl Gd4][%cal Rg4g7]} e5 19. Be3 Bc8 20. Qe2 Be6 (20... b5 $5) 21. Rd2 Rdb8 22. Rc2 Rc8 23. Rec1 Qb7 24. f4 f6 ({Black should play} 24... b5 $11) 25. f5 Bf7 26. h4 b5 27. cxb5 Rxc2 28. Qxc2 {And now Qc6 would win.} axb5 29. Qc7 Qxc7 30. Rxc7 Bf8 31. Ra7 Rxa7 32. Bxa7 $11 {[%mdl 4096] Endgame KBB-KBB} g6 33. g4 h5 (33... Bh6 $11 {remains equal.}) 34. fxg6 $16 Bxg6 35. gxh5 Bxh5 (35... Be8 $16 {is a better defense.} 36. Be3 Kh7) 36. a4 $1 $18 b4 (36... bxa4 $16 {was necessary.} 37. bxa4 Be2) 37. Bf1 $2 (37. a5 $18) 37... Bf7 $11 38. a5 {[%cal Ba4a5,Ba5a6][%mdl 32]} Bxb3 {White must now prevent ...Bc2.} 39. a6 Bc2 $2 {[%mdl 8192] [#]} (39... Ba4 $14) 40. Be3 $2 (40. Bd4 $1 $18 {[%mdl 512]}) 40... b3 41. Bc4+ Kh8 {Hoping for ...b2.} (41... Kg7 $5 {[%cal Rb3b2]} 42. Bxb3 Bxe4 $11) 42. Bxb3 Bxe4 43. Be6 {Threatens to win with Bc8.} d5 $2 {[%mdl 8192] [#]} (43... Ba8 $14) 44. Bd4 $1 {[%mdl 512] Precision: White = 57%, Black = 32%.} 1-0

[Event "10th Mumbai Mayors Cup 2017"]
[Site "Mumbai"]
[Date "2017.06.05"]
[Round "2"]
[White "Muthaiah AL"]
[Black "Amonatov, Farrukh"]
[Result "1/2-1/2"]
[WhiteElo "2297"]
[BlackElo "2635"]
[Annotator "TA"]
[PlyCount "86"]
[EventDate "2017.06.04"]
[EventType "swiss"]
[EventCountry "IND"]
[SourceTitle "playchess.com"]
[Source "ChessBase"]
[SourceQuality "1"]

{[%evp 29,86,0,0,0,0,0,0,-9,-14,-16,0,-15,-30,-3,0,0,1,0,0,0,0,0,2,0,0,0,0,0,0,0,0,0,0,0,0,0,0,0,0,0,0,0,0,0,0,0,0,0,0,0,0,0,0,0,0,0,0,0,0]} 1. Nf3 Nf6 2. c4 g6 3. g3 Bg7 4. Bg2 O-O 5. O-O d6 6. d4 Nbd7 7. Nc3 e5 8. e4 c6 9. h3 Qb6 10. c5 dxc5 11. dxe5 Ne8 12. Qc2 Nc7 {E69: King's Indian: Fianchetto: 6...Nbd7 7 0-0 e5 8 e4 c6 9 h3} 13. Be3 (13. Rd1 Ne6 14. Bf4 Qc7 15. Rac1 b6 16. Qd2 Nxe5 17. Bxe5 Bxe5 18. Nxe5 Qxe5 19. f4 Qd4+ 20. Qf2 Qxf2+ 21. Kxf2 {0-1 (46) Jia,H (2398)-Dai,C (2295) Zhongshan 2015}) 13... Ne6 14. Na4 Qa5 15. Rfd1 Re8 {LiveBook: 3 Games} 16. Rab1 Nxe5 $146 ({Predecessor:} 16... Bf8 17. a3 b5 18. Nxc5 Ndxc5 19. b4 Qa4 {0-1 (69) Hrbolka,L (2110)-Juhasz,B (2161) Zalakaros 2014}) 17. Nxe5 Bxe5 18. Nxc5 Nxc5 19. b4 Qa4 20. Qxc5 Qxa2 21. b5 Bg7 {The position is equal.} 22. bxc6 bxc6 23. e5 Bf5 24. Ra1 Qb3 $1 25. g4 Bc2 (25... Rxe5 $2 26. Qxc6 Rb8 27. gxf5 $18) 26. Rdc1 Rxe5 ({Wrong is} 26... Bxe5 $2 27. Ra3 $18) 27. Qxc6 Rae8 28. Qxc2 Qxc2 29. Rxc2 Rxe3 30. Rxa7 Bd4 {[#] And now ...Re1+ would win.} 31. Rd7 Re1+ 32. Bf1 Bf6 33. Kg2 R8e7 34. Rcc7 Rxd7 35. Rxd7 $11 {[%mdl 4096] Endgame KRB-KRB} Rc1 36. Be2 Rc2 37. Bd3 Rd2 38. Bb5 Bd4 39. Be2 Kg7 40. Kf1 Bc3 41. Rc7 Bd4 42. Rd7 {[#] Hoping for Ke1.} Bc3 43. Rxd2 Bxd2 {Precision: White = 94%, Black = 92%.} 1/2-1/2

[Event "10th Mumbai Mayors Cup 2017"]
[Site "Mumbai"]
[Date "2017.06.05"]
[Round "2"]
[White "Akash Pc, Iyer"]
[Black "Tukhaev, Adam"]
[Result "1/2-1/2"]
[WhiteElo "2282"]
[BlackElo "2567"]
[Annotator "TA"]
[PlyCount "149"]
[EventDate "2017.06.04"]
[EventType "swiss"]
[EventCountry "IND"]
[SourceTitle "playchess.com"]
[Source "ChessBase"]
[SourceQuality "1"]

{[%evp 11,149,0,32,-4,0,0,0,0,1,0,0,-8,3,-20,27,-20,24,-45,-51,-47,1,-64,-66,-61,-19,-22,-18,-20,-20,-27,-29,-47,-49,-61,-20,-29,-29,-91,-96,-105,-94,-169,-164,-216,-126,-126,-147,-133,-124,-151,-122,-173,-3,-63,0,0,0,0,0,0,0,-43,-36,-130,-103,-203,-188,-188,-105,-116,-90,-90,-52,-127,-129,-133,-116,-123,-38,-149,-72,-79,-78,-86,-8,-8,-8,-8,-8,-11,-14,-773,-808,-574,-207,-160,-124,-154,-165,-778,-619,-889,-855,-809,-169,-169,-155,-456,-498,-750,-730,-693,-644,-568,-171,-734,-486,-504,-404,-310,-113,-113,-113,-113,-113,-113,-80,-113,-113,-114,-8,-8,-8,-8,-8,-8,-8,-8,-8,-8]} 1. d4 Nf6 2. Nf3 g6 3. Nc3 d5 4. Bf4 Bg7 5. e3 O-O 6. Be2 c6 (6... c5 $5) 7. h4 {D00: 1 d4 d5: Unusual lines} (7. h3 Bf5 8. Ne5 Nbd7 9. g4 Be6 10. f3 c5 11. Qd2 Rc8 12. O-O-O a6 13. h4 h5 14. Nxd7 Qxd7 15. gxh5 Nxh5 {1-0 (24) Carlsen,M (2840)-Salem,A (2656) Doha 2016}) 7... Qb6 8. Na4 Qa5+ 9. c3 Nbd7 10. b4 Qd8 11. O-O $146 ({Predecessor:} 11. Rc1 h6 12. Nc5 a5 13. a3 axb4 14. axb4 Nxc5 15. bxc5 {0-1 (35) Brousek,J (2353)-Morais,G (2365) ICCF email 2006}) 11... Ne4 12. Qb3 e6 {[%cal Be7e6,Be6e5][%mdl 32]} (12... e5 $5 13. Bh2 b6 $11) 13. Rad1 Qe7 14. Nb2 (14. c4 $11) 14... e5 $15 15. Bh2 a5 16. a3 (16. b5 $1 $11) 16... axb4 17. axb4 Nd6 18. Ra1 Rxa1 19. Rxa1 e4 20. Ne1 Nf5 $36 {[%mdl 2048] Black is more active.} 21. h5 gxh5 22. Bxh5 Nf6 (22... Qg5 $5 {[%cal Rg5h5]} 23. Be2 Nxe3 $11) 23. Be2 h5 24. Bf4 (24. b5 $11 {keeps the balance.}) 24... Bh6 $17 25. Bxh6 Nxh6 26. Nd1 (26. c4 $17) 26... Nfg4 $1 $19 27. Bxg4 (27. c4 $142 Be6 28. cxd5 cxd5 29. Bxg4 Nxg4 30. g3) 27... Nxg4 (27... Bxg4 $19 28. Qc2 Qh4) 28. b5 $17 Qh4 29. bxc6 Qh2+ $1 (29... bxc6 30. Qb6 $15) 30. Kf1 bxc6 {And now ...Qh1+ would win.} 31. Qb6 (31. Ke2 $17) 31... Qd6 $2 (31... Qh1+ $19 32. Ke2 Nh2 33. Qxc6 (33. Kd2 Nf1+ 34. Kc2 Qg1 $17) 33... Be6) 32. Ra7 (32. c4 $1 $11) 32... Nh2+ (32... h4 $15) 33. Kg1 $1 $11 Bg4 34. Rc7 Rc8 35. Rxc8+ Bxc8 36. Qa7 (36. c4 $5 dxc4 37. Qa5 $11) 36... Kg7 37. Qa2 (37. Qc5 $15 Qxc5 38. dxc5) 37... Ng4 $17 38. f4 (38. Kf1 $17 {was necessary.}) 38... Qd8 $19 {...Qh4 is the strong threat.} 39. g3 Qb6 ({Black should play} 39... h4 $1 $19 {[%cal Rh4g3]} 40. Qg2 h3 $1 {[%mdl 512]}) 40. Ng2 $17 Nh6 41. Nf2 Nf5 42. Kh2 (42. c4 $15) 42... Ba6 43. g4 hxg4 44. Nxg4 Qb5 (44... Qb7 $17 {Strongly threatening ...Bc4.} 45. Ne1 Qc8) 45. Qf2 ({Only move:} 45. Ne5 $15) 45... Qe2 (45... Qb8 $142 $1 {[%cal Rb8h8] aiming for ...Qh8+.} 46. Kg1 Qh8) 46. Qxe2 Bxe2 {[%mdl 4096] Endgame KBN-KNN} 47. Ne5 {[#]} Bf1 ({Better is} 47... Bb5 $1 $17 48. Kg1 Kf6) 48. Nxc6 $11 Bxg2 49. Kxg2 Nxe3+ {KN-KN} 50. Kf2 $1 {[%cal Rf2e3]} Nd1+ 51. Ke2 $2 {[%mdl 8192]} (51. Ke1 $11 Nxc3 52. Nb4) 51... Nxc3+ $19 52. Kd2 Nb5 $2 (52... Na4 53. Ne7 Nb6 54. Nf5+ Kf6) 53. Nb4 Nc7 ({Reject} 53... Nxd4 $6 54. Nxd5 f5 55. Nc3 $11) 54. Ke3 Kf6 55. Nc6 $2 (55. Kf2) 55... Ke6 56. Nb4 Kf5 57. Nc6 Kf6 $2 (57... Ne8 58. Nb4 Nf6) 58. Nb4 {[#]} Ke6 $1 59. Nc6 $2 (59. Kf2 $17 {nothing else works.}) 59... Nb5 60. Nd8+ (60. Nb4 $142 Nd6 61. Kf2) 60... Kf6 61. Nc6 Nd6 62. Nb4 Nf5+ $2 (62... Nc4+ 63. Kf2 Nb6) 63. Kd2 $2 (63. Kf2) 63... Ke6 64. Nc2 Kd6 65. Kc3 Nh4 $2 (65... Ke7 $19 {has better winning chances.} 66. Kd2 Ke6) 66. Ne3 $17 Ke6 {Threatens to win with ...Nf5.} 67. Kd2 Nf3+ 68. Kc3 Ng1 69. Kd2 Nh3 70. f5+ Kf6 ({Black should try} 70... Kd6 $17 {next ...Nf4 is good for Black.} 71. Ng4 Nf4) 71. Nxd5+ $11 {The position is equal.} Kxf5 72. Ke3 Ke6 73. Nc3 f5 {[#]} 74. Nxe4 $1 {[%mdl 512]} fxe4 75. Kxe4 {Precision: White = 33%, Black = 38%.} 1/2-1/2